1964 1073 1534 1756 1525 1507 1833 1537 1224 1895 1159 1432 1059 1777 1538 1127 1597 1333 1051 1122 1744 1901 1105 1309 1257 1510 1294 1278 1334 1967 1251 1374 1295 1979 1796 1922 1730 1115 1259 1164 1629 1933 1615 1276 1265 1822 1337 1364 1903 1980 1443 1237 1724 1007 1778 1500 1846 1330 1642 1409 1851 1424 1425 1821 1131 1025 1701 1747 1617 1408 1927 1802 1339 1232 1739 1890 1871 1777 1102 1624 1397 1808 1913 1523 1309 1924 1839 1007 1857 1160 1881 1183 1364 1048 1557 1700 1322 1052 1061 BCNSPRNW ULIB Ver.6.0+V

เปลี่ยนเป็นภาษาไทย

Change to English
 แสดงรายละเอียดบรรณานุกรม
  กลับหน้าหลัก

Brief Record : Get Marc (ISO 2709) : E-mail record : QR code < ปิดหน้าต่าง
LEADER : 00000nam 2200000uu 4500
001    13399123217
003     ULIB
008    020711s2550 th a 000 0 tha d
020    9789748458212
090    นว.^bร111ค
100    รัมย์
245    คุณชายติดหรู vs คุณหนูติดดิน /^cรัมย์
250    พิมพ์ครั้งที่ 1
260    กรุงเทพฯ :^b1168พับลิชชิ่ง,^c2550
300    384 หน้า;^b21 ซม.
710    1168พับลิชชิ่ง
945    ^p219^l0^i20353
999    ^aทศพร เกษรทอง
รายการนี้ยังไม่มีแท็ก
คุณยังไม่ได้ล็อกอิน คุณสามารถมีกิจกรรมร่วมกับเว็บไซต์ได้ แต่ต้องล็อกอินก่อน ::
  ล็อกอิน

รายการสื่อสารสนเทศ

ลำดับที่ ประเภท เลขเรียก/บาร์โค้ด สถานที่ สถานะ
1. นวนิยาย
นวนิยาย
นว. ร111ค ฉ.1 
  Barcode: 20353
ห้องสมุดวิทยาเขตนครสวรรค์
►นวนิยาย:l:Fiction
บนชั้น

รายการใกล้เคียง
    ผู้แต่ง [รัมย์]

BibComment


ยังไม่เคยถูกคอมเมนท์

คอมเมนท์ทรัพยากรรายการนี้
  คอมเมนท์: คุณชายติดหรู vs ค..


 Copyright 2026. Bcnsprnw @Library